American Newspaper Suffixes Quiz Stats

 Plays Quiz Updated Jan 24, 2019

Also try: City by Headline
Challenge
Share
Tweet
Score 0/16 Timer 06:00
10 Plays Today
Total Suffix % Correct
50Times
97.3%
80News
84.2%
49Journal
62%
44Herald
59%
35Tribune
57.2%
19Sun
55%
30Gazette
45.4%
11Chronicle
40.6%
Total Suffix % Correct
23Star
39.9%
23Press
31.7%
12Dispatch
19.3%
15Sentinel
18%
13Courier
13.8%
19Record
13%
13Register
12.5%
12Telegram
7.4%

You're not logged in!

Compare scores with friends on all Sporcle quizzes.
OR
Log In

You Might Also Like...

Show Comments

Extras

Top Quizzes Today


Score Distribution

Your Account Isn't Verified!

In order to create a playlist on Sporcle, you need to verify the email address you used during registration. Go to your Sporcle Settings to finish the process.

Report this User

Report this user for behavior that violates our Community Guidelines.

Details: